000
002950000a22000970004500
100
1
_a
Grogan, Geofrey W.
245
1
0
_a
The basis of Paul's ethics in his kerygmatic theology
300
_a
Vol. 13, Num. 2 (1995), Páginas 129-147
773
0
_t
Scottish Bulletin of Evangelical Theology
942
_c
ANA
999
_c
55721
_d
55721